000 00513nam a2200193 a 4500
001 1767946524077
003 YourLibrary
005 20260110115634.0
008 260109s1999##################000#0#eng##
020 _a9780335199549
082 0 4 _a302.2345
_bBAR
100 1 _aBarker, Chris,
_eauthor.
245 1 0 _aTelevision, Globalization and Cultural Identities :
260 _c1999.
300 _a216 pages
650 0 _aBusiness & Economics.
942 _cENGLISH
040 _aYourLibrary
_beng
_cYourLibrary
999 _c608081
_d608081